000 00799nam0a22002531 4500
001 RU\INFOCOMM_322\NLR\5000099302
005 20250613110018.0
035 _a(NLR Aleph) 009542406
090 _a8954839
_c8954839
100 _a20121210d1929 |||y0rusy50 ca
101 1 _apol
_crus
102 _aRU
105 _ay z |||||
200 1 _aˆ...‰ Dziesięć lat Międzynarodówki komunistycznej
_fI. Komor
_gPrzekł.. z ros. E. Kozickiej
210 _aMoskwa
_cCentralne wyd-wo ludów SSSR
_d1929
215 _a72 с.
_d16 см
300 _aНа 4-й с. обл.: И. Комор. Десять лет Коминтерна
620 _aМосква
700 1 _aKomor
_bI.
_gImre
801 1 _aRU
_bNLR
_c20121210
801 0 _aRU
_bINFOCOMM
_gPSBO
852 _aNLR
_jЕ-8/622
942 _cBOOK
980 _aNB